000
00337nam a2200145Ia 4500
008
100415s9999 xx 000 0 und d
082
_b
15824
100
_a
Pillai,R.S
245
_a
Black Buck
260
_a
MADRAS
_c
1985
_b
Madras Naturalists' Society
365
_b
0
630
_a
Black Buck
730
_a
Black Buck
942
_c
BOOK
999
_c
598722
_d
598719